000 00481nam a2200181Ia 4500
001 11087
005 20260306161920.0
008 260306t2005||||xx |||||||||||||| ||spa||
041 _aESP
082 _a985.004
_bT95
100 _aTurpo Choquehuanca, Fortunato
_eAUT
245 0 _aPerú, de cara y de perfil:
_bnueva interpretación de la realidad peruana
260 _c2005
300 _a429 páginas :
_c21cm.
650 _aGEN
654 _aCHU
942 _cLIB
_dJUS
_fJUS
_2ddc
_n
999 _c11087
_d11087